000 00235nam a22000977a 4500
999 _c13963
_d13963
100 _aسید بابر علی
245 _aکمال ہم نشیں
260 _aلاہور
_bٹوپیکل پرنٹنگ پریس
300 _a331
942 _cBK